LEADER 01021nam0-2200313---450- 001 990008502290403321 005 20070719134044.0 035 $a000850229 035 $aFED01000850229 035 $a(Aleph)000850229FED01 035 $a000850229 100 $a20070417d2005----km-y0itay50------ba 101 0 $aita 102 $aIT 105 $aa-------001yy 200 1 $a<>donna del soldato$el'immagine della donna nella cartolina italiana$fEnrico Sturani 210 $aRovereto$cMuseo storico italiano della guerra$d[2005] 215 $a112 p.$cill.$d22 cm 300 $aPubblicato in occasione della mostra omonima, Rovereto, 27 nov. 2005-28 mag. 2006 610 0 $aCartoline illustrate$aEsposizioni$aRovereto$a2005-2006 676 $a741.683$v21$zita 702 1$aSturani,$bEnrico 801 0$aIT$bUNINA$gRICA$2UNIMARC 901 $aBK 912 $a990008502290403321 952 $a741.683 MOSTRE ROVERETO 2005$bBibl.55755$fFLFBC 959 $aFLFBC 996 $aDonna del soldato$9731964 997 $aUNINA LEADER 01040nam a2200253 a 4500 001 991002170719707536 008 020 $a8849802536 035 $ab1348641x-39ule_inst 040 $aDip.to Studi storici$bita 082 $a355.00945 245 10$aAl di là della storia militare :$buna ricognizione sulle fonti :$b seminario di studi, Messina, 12-13 novembre 1999 /$ca cura di Livio Antonielli e Claudio Donati 260 $aSoveria Mannelli:$bRubbettino, $cc2004 300 $a242 p. ;$c24 cm 440 0$aStato, esercito e controllo del territorio ;$v3 650 4$aStoria militare$zItalia$ySec.16.-18. 700 1 $aAntonielli, Livio 700 1 $aDonati, Claudio 907 $a.b1348641x$b02-04-14$c21-02-07 912 $a991002170719707536 945 $aLE023 355 ANT 1 1 $g1$i2023000091555$lle023$o-$pE12.00$q-$rl$s- $t0$u0$v0$w0$x0$y.i14380377$z27-02-07 996 $aAl di là della storia militare$91096209 997 $aUNISALENTO 998 $ale023$b - - $cm$da $e-$fita$git $h0$i0 LEADER 00877nam0-2200277 --450 001 9910802900903321 005 20240209093003.0 010 $a0890540691 100 $a20240209d1986----kmuy0itay5050 ba 101 0 $aeng 102 $aUS 105 $aa 001yy 200 1 $aCompendium of sorghum diseases$fedited by Richard A. Frederiksen$gin cooperation with Department of plant pathology and Microbiology, Texas A&M University 210 $a[St. Paul]$cAPS press$dc1986 215 $aV, 82 p.$cill.$d28 cm. 225 1 $a<>disease compendium series 610 0 $aForaggere 676 $a633.3$v21$zita 702 1$aFrederiksen,$bRichard A. 801 0$aIT$bUNINA$gREICAT$2UNIMARC 901 $aBK 912 $a9910802900903321 952 $aA PAT 1456-19$b1564/2024$fFAGBC 959 $aFAGBC 996 $aCompendium of sorghum diseases$980992 997 $aUNINA